| 000 | 00378 a2200133 4500 | ||
|---|---|---|---|
| 005 | 20250417093958.0 | ||
| 020 | _a0-9694037-0-4 | ||
| 082 | _a657.45 BRA | ||
| 100 | _aBRATHWAITE, D. G. | ||
| 245 | _aComprehensive Auditing: A New Approach for Internal Auditors. | ||
| 260 |
_aCanada, _bD and J _c1988. |
||
| 300 |
_axv, 252p.: chart _bBibliography & Index _c23cm |
||
| 942 |
_2ddc _cBKS |
||
| 999 |
_c1538 _d1538 |
||